All ESC Winners since 1956 - Statistiken

Allgemein
  • Dieses Quiz wurde 22 mal gespielt
  • Das Durchschnittsergebnis liegt bei 63 aus 72
Antwortstatistiken
Jahr Artist Song Country % Korrekt
2025 JJ Wasted Love Austria
100%
2014 Conchita Wurst Rise Like A Phoenix Austria
100%
1966 Udo Jurgens Merci Chérie Austria
100%
2010 Lena Satellite Germany
100%
1982 Nicole Ein bisschen Frieden Germany
100%
2021 Måneskin Zitti e bouni Italy
100%
1990 Toto Cutugno Insieme 1992 Italy
100%
1964 Gigliola Cinquetti Non ho l‘eta ( per amarti) Italy
100%
2023 Loreen Tattoo Sweden
100%
2015 Måns Zelmerlow Heroes Sweden
100%
2012 Loreen Euphoria Sweden
100%
1999 Charlotte Nilsson Take Me To Your Heaven Sweden
100%
1991 Carola Fångad av en stormvind Sweden
100%
1984 Herreys Diggi-Loo Diggy-Ley Sweden
100%
1974 Abba Waterloo Sweden
100%
2022 Kalush Orchestra Stefania Ukraine
100%
2016 Jamala 1944 Ukraine
100%
2004 Ruslana Lyzhichko Wild Dances Ukraine
100%
1977 Marie Myriam L‘oiseau et l‘enfant France
93%
1969 Frida Boccara Un jour, un enfant France
93%
1962 Isabelle Aubret Un premier amour France
93%
1960 Jacqueline Boyer Tom Pillibi France
93%
1958 André Claveau Dors, mon amour France
93%
2019 Duncan Laurence Arcade Netherlands
93%
1975 Teach-In Ding-A-Dong Netherlands
93%
1969 Lenny Kuhr De troubadour Netherlands
93%
1959 Teddy Scholten Een beetje Netherlands
93%
1957 Corry Brokken Net als toen Netherlands
93%
2009 Alexander Rybak Fairytale Norway
93%
1995 Secret Garden Nocturne Norway
93%
1985 Bobbysocks La det swinge Norway
93%
2024 Nemo The Code Switzerland
93%
1988 Céline Dion Ne partez pas sans moi Switzerland
93%
1956 Lys Assia Refrain Switzerland
93%
1981 Bucks Fizz Making Your Mind Up United Kingdom
93%
1976 Brotherhood Of Man Save Your Kisses For Me United Kingdom
93%
1969 Lulu Boom Bang-A-Bang United Kingdom
93%
1967 Sandie Shaw Puppet On A String United Kingdom
93%
2013 Emmelie de Forest Only Teardrops Denmark
86%
2000 The Olsen Brothers Fly On The Wings Of Love Denmark
86%
1963 Grethe&Jørgen Ingmann Dansevise Denmark
86%
2006 Lordi Hard Rock Hallelujah Finland
86%
1996 Eimear Quinn The Voice Ireland
86%
1994 Paul Harrington& C.McGettigan Rock N Roll Kids Ireland
86%
1993 Niamh Kavanagh In Your Eyes Ireland
86%
1992 Linda Martin Why Me? Ireland
86%
1987 Johnny Logan Hold Me Now Ireland
86%
1980 Johnny Logan What‘s Another Year Ireland
86%
1970 Dana All Kinds Of Everything Ireland
86%
2018 Netta Toy Israel
86%
1998 Dana International Diva Israel
86%
1979 Gali Atari with Milk& Honey Hallelujah Israel
86%
1978 Izhar Cohen& The Alphabeta A-ba-ni-bi Israel
86%
2008 Dima Bilan Believe Russia
86%
2017 Salvador Sobral Amar pelos dois Portugal
79%
2007 Marija Serifovic Molitva Serbia
79%
1969 Salomé Vivo cantando Spain
79%
1968 Massiel La La La Spain
79%
2001 Tanel Padar, Dave Benton& 2XL Everybody Estonia
71%
2005 Helena Paparizou My Number One Greece
71%
2002 Marie N I Wanna Latvia
71%
1983 Corinne Hermès Si la vie est cadeau Luxembourg
71%
1973 Anne-Marie David Tu te reconnaîtras Luxembourg
71%
1972 Vicky Leandros Après toi Luxembourg
71%
1965 France Gall Poupée de cire, poupée de son Luxembourg
71%
1961 Jean Claude Pascal Nous les amoureux Luxembourg
71%
2011 Ell/Nikki Running Scared Azerbaijan
64%
1986 Sandra Kim J‘aime la vie Belgium
64%
2003 Sertab Erener Everyway That I Can Turkey
64%
1997 Katrina&The Waves Love Shine A Light United Kingdom
57%
1971 Séverine Un banc, un abre, une rue Monaco
50%
1989 Riva Rock Me Yugoslavia
50%
Keine übereinstimmenden Quizze gefunden
Verteilung der Resultate
Anzahl Personen mit jedem Resultat
Perzentil nach korrekt beantworteten Fragen
Ihre Resultats-Entwicklung
Sie haben dieses Quiz noch nicht gespielt